Oscar Siddle
Warwick A
Categories
Fine Arts - Painting & Sculpture | 0 | 3 | 0 | 0 | 30 | 95 | 111.00 | 1 | 1 |
Literature - American Literature | 0 | 3 | 0 | 1 | 30 | 83 | 120.00 | 1 | 1 |
Social Science | 0 | 2 | 0 | 1 | 20 | 103 | 106.50 | 0 | 0 |
Literature - British Literature | 0 | 2 | 1 | 1 | 15 | 133 | 139.50 | 0 | 0 |
Philosophy | 0 | 2 | 1 | 1 | 15 | 109 | 121.50 | 0 | 0 |
Fine Arts - Other Fine Arts | 0 | 1 | 0 | 0 | 10 | 101 | 101.00 | 0 | 1 |
History - European History | 0 | 1 | 0 | 0 | 10 | 55 | 55.00 | 0 | 0 |
Science - Other Science | 0 | 1 | 0 | 0 | 10 | 76 | 76.00 | 0 | 0 |
Science - Physics | 0 | 1 | 0 | 1 | 10 | 110 | 110.00 | 0 | 0 |
Other | 0 | 1 | 1 | 0 | 5 | 84 | 84.00 | 0 | 0 |
History - World History | 0 | 0 | 1 | 0 | -5 | 0.00 | 0 | 0 | |
Science - Biology | 0 | 0 | 1 | 0 | -5 | 0.00 | 0 | 0 |